000 02164nam0a2200373 4500
001 RU\NLR\bibl\1246211
005 20250615122403.0
010 _a978-5-85746-987-3
_9300
021 _aRU
_b2008-33912
_91864
035 _a(NLR Aleph) 001232365
090 _a206624
_c206624
100 _a20080626d2007 |||y0rusy50 ca
101 0 _arus
102 _aRU
105 _aa |||||||||
200 1 _aНелинейное программирование и многоэкстремальная оптимизация
_eучебное пособие
_fС.Ю. Городецкий, В.А. Гришагин
_gФедер. агентство по образованию, Нижегор. гос. ун-т им. Н.И. Ломоносова, Приоритет. нац. проект "Образование", Инновац. образоват. центр "Информ.-телекоммуникац. системы: физ. основы и мат. обеспечение"
210 _aНижний Новгород
_cИзд-во Нижегор. госун-та
_d2007
215 _a489 с.
_cил.
_d25
225 1 _aСерия "Модели и методы конечномерной оптимизации"
_vвып. 2
225 1 _aПриоритетные национальные проекты
_iОбразование
320 _aБиблиогр.: с. 439-442
320 _aПредм. указ.: с. 443-453
606 1 _aНелинейное программирование
_jУчебные издания для высших учебных заведений
_92216411
_3RU\NLR\auth\661331154
606 1 _aМногокритериальная оптимизация
_jУчебные издания для высших учебных заведений
_91641598
_3RU\NLR\auth\66726020
686 _aВ173.2я73-1
686 _aВ175.1я73-1
700 1 _aГородецкий
_bС. Ю.
_gСтанислав Юрьевич
_4070
701 1 _aГришагин
_bВ. А.
_gВладимир Александрович
_4070
801 0 _aRU
_bNLR
_c20080626
_gRCR
801 1 _aRU
_bNLR
_c20080626
942 _cBOOK
980 _aNB
980 _aNBR